[Event "XIX Czech Chladek & Tintera A Open"]
[Site "Pardubice CEC"]
[Date "2008.07.19"]
[Round "2"]
[White "Scerbin, D."]
[Black "Teske, H."]
[Result "1/2-1/2"]
[WhiteElo "2355"]
[BlackElo "2504"]
[PlyCount "121"]
[EventDate "2008.07.18"]
[Source "www.chesslib.no"]
[SourceDate "2004.05.04"]

1. e4 e6 2. b3 d5 3. Bb2 dxe4 4. Nc3 Nf6 5. Qe2 Bb4 6. O-O-O Bxc3 7. Bxc3 b6 8. Qb5+ Nbd7 9. Qc6 Rb8 10. Be5 Bb7 11. Qxc7 Nxe5 12. Qxe5 O-O 13. Nh3 Rc8 14. Be2 Rc5 15. Qb2 Qc7 16. Kb1 Rc8 17. Rc1 Nd5 18. g3 Nb4 19. c3 Nc6 20. Nf4 a5 21. h4 a4 22. b4 Rf5 23. d4 exd3 24. Bxd3 Rxf4 25. gxf4 Qxf4 26. Rhg1 Ne5 27. Be2 Qxh4 28. c4 Qe4+ 29. Ka1 a3 30. Qd2 h5 31. f4 Ng6 32. Bxh5 Qxf4 33. Qc3 Be4 34. Bxg6 fxg6 35. Qxa3 g5 36. Qg3 Qf6+ 37. Qc3 Rxc4 38. Qxf6 Rxc1+ 39. Rxc1 gxf6 40. a4 g4 41. Kb2 Kf7 42. Kc3 e5 43. Kd2 Ke6 44. a5 bxa5 45. bxa5 f5 46. a6 g3 47. a7 f4 48. Ke2 f3+ 49. Ke3 Bd5 50. Rc8 g2 51. Kf2 e4 52. Re8+ Kf5 53. a8=Q Bxa8 54. Rxa8 e3+ 55. Kg1 Ke4 56. Re8+ Kd3 57. Rd8+ Ke2 58. Rf8 Kd2 59. Rxf3 e2 60. Rf2 Kd1 61. Rxe2 1/2-1/2

[Event "WYCC 2008 U18 boys"]
[Site "Vung Tau City VIE"]
[Date "2008.10.29"]
[Round "10.11"]
[White "Paichadze, Luka"]
[Black "Delorme, Axel"]
[Result "1/2-1/2"]
[WhiteElo "2437"]
[BlackElo "2415"]
[PlyCount "61"]
[EventDate "2008.10.20"]
[Source "www.chesslib.no"]
[SourceDate "2004.05.04"]

1. e4 e6 2. b3 d5 3. Bb2 dxe4 4. Nc3 Nf6 5. Qe2 Nc6 6. Nxe4 Nxe4 7. Qxe4 Qd5 8. Qxd5 exd5 9. O-O-O f6 10. g3 Bg4 11. Re1+ Kf7 12. Bg2 Rd8 13. Ne2 Ne7 14. h3 Bd7 15. f4 b6 16. g4 Ng6 17. Rhf1 h5 18. f5 Nh4 19. Bh1 Bd6 20. c4 dxc4 21. bxc4 hxg4 22. hxg4 Rde8 23. Nc3 Rxe1+ 24. Rxe1 g6 25. Ne4 Be5 26. Ng5+ Ke7 27. Rxe5+ fxe5 28. Bxe5 Rf8 29. Nh7 Rf7 30. Ng5 Rf8 31. Nh7 1/2-1/2

[Event "Open"]
[Site "?"]
[Date "1998.07.23"]
[Round "4"]
[White "Gelashvili Tamaz"]
[Black "Sorensen Jan S"]
[Result "1-0"]
[WhiteElo "2445"]
[BlackElo "2400"]
[PlyCount "71"]
[EventDate "1998.??.??"]
[Source "www.chesslib.no"]
[SourceDate "2004.05.04"]

1. e4 e6 2. b3 d5 3. Bb2 Nf6 4. e5 Nfd7 5. f4 c5 6. Nf3 Nc6 7. g3 Be7 8. Bg2 f5 9. O-O c4 10. Kh1 b5 11. Nc3 Ba6 12. Ne2 O-O 13. Ned4 Nxd4 14. Bxd4 b4 15. Rg1 Qe8 16. Qe1 Bb5 17. Bb2 a5 18. Qe3 Nc5 19. a4 Ba6 20. Nd4 Rc8 21. Rad1 Qd7 22. Bf3 Ne4 23. g4 Bc5 24. gxf5 exf5 25. e6 Qe7 26. Rxg7+ Qxg7 27. Rg1 c3 28. Rxg7+ Kxg7 29. dxc3 bxc3 30. Bxc3 Nxc3 31. Qxc3 Kg6 32. Bh5+ Kh6 33. Qg3 Rg8 34. Nxf5+ Kxh5 35. Qh4+ Kg6 36. Qg5# 1-0

[Event "Accentus Ladies"]
[Site "Biel"]
[Date "2004.07.26"]
[Round "7"]
[White "Repkova, Eva"]
[Black "Radziewicz, Iweta"]
[Result "1-0"]
[WhiteElo "2411"]
[BlackElo "2431"]
[PlyCount "148"]
[EventDate "2004.07.19"]
[Source "Roberto Alvarez"]
[SourceDate "2004.08.10"]

1. e4 e6 2. b3 d5 3. Bb2 dxe4 4. Nc3 Nf6 5. Qe2 Be7 6. O-O-O a5 7. a4 Nc6 8. Nxe4 Rb8 9. Nf3 Nb4 10. Ne5 Nxe4 11. Qxe4 Bf6 12. d4 c6 13. c3 Nd5 14. Bd3 Qc7 15. Rhe1 b5 16. Nxc6 Qxc6 17. Bxb5 Rxb5 18. axb5 Qd7 19. c4 Bb7 20. cxd5 Qxb5 21. Qd3 Qxd5 22. Kb1 O-O 23. f3 Ra8 24. Qc4 Qg5 25. Qc7 Bd5 26. Rc1 h5 27. Re2 a4 28. bxa4 Rxa4 29. Qc8+ Bd8 30. Rc5 Kh7 31. Rxd5 exd5 32. Qc2+ Qg6 33. Re5 Qxc2+ 34. Kxc2 Ra5 35. Rxh5+ Kg6 36. Rh8 Bf6 37. Rb8 Kf5 38. Rb7 Ke6 39. Rb6+ Kd7 40. Rb7+ Ke6 41. Kd3 Ra6 42. Ke3 Be7 43. h3 f5 44. g4 fxg4 45. hxg4 g6 46. f4 Ba3 47. Ke2 Bxb2 48. Rxb2 Ra4 49. Rd2 Kf6 50. Rd3 Ra8 51. Rc3 Ra6 52. Kf3 Ra1 53. Rc6+ Kf7 54. Rd6 Ra3+ 55. Kf2 g5 56. fxg5 Ra5 57. g6+ Ke7 58. g7 Kf7 59. Rd7+ Kg8 60. Ke3 Ra4 61. Rxd5 Kxg7 62. Kf4 Kf6 63. g5+ Ke6 64. Re5+ Kf7 65. Ke4 Kg6 66. Kd5 Ra8 67. Kc6 Rc8+ 68. Kd7 Ra8 69. d5 Kf7 70. d6 Ra7+ 71. Kc8 Ra8+ 72. Kb7 Ra1 73. d7 Rb1+ 74. Kc6 Rc1+ 1-0

[Event "First Saturday GM - Aprile 2007"]
[Site "Budapest UNG"]
[Date "2007.04.09"]
[Round "3"]
[White "Kahn, Evarth Dr"]
[Black "Kosic, Dragan"]
[Result "1/2-1/2"]
[WhiteElo "2334"]
[BlackElo "2507"]
[PlyCount "44"]
[EventDate "2007.04.07"]
[Source "www.chesslib.no"]
[SourceDate "2004.05.04"]

1. e4 e6 2. b3 d5 3. exd5 exd5 4. Bb2 Qe7+ 5. Qe2 Qxe2+ 6. Bxe2 Nc6 7. Nc3 Be6 8. Nf3 O-O-O 9. O-O Be7 10. Nb5 Bf6 11. Bxf6 Nxf6 12. Nbd4 Nxd4 13. Nxd4 Bd7 14. b4 Ne4 15. Rfd1 Rhe8 16. Bd3 g6 17. f3 Nd6 18. Re1 c6 19. Kf2 b6 20. c3 c5 21. Rxe8 Bxe8 22. Nc2 Bc6 1/2-1/2

[Event "Chigorin mem open"]
[Site "?"]
[Date "1997.11.07"]
[Round "7"]
[White "Karasev Vladimir I"]
[Black "Smikovski Ivan"]
[Result "0-1"]
[WhiteElo "2350"]
[BlackElo "2490"]
[PlyCount "50"]
[EventDate "1997.??.??"]
[Source "www.chesslib.no"]
[SourceDate "2004.05.04"]

1. e4 e6 2. b3 d5 3. Bb2 Nf6 4. exd5 exd5 5. Qe2+ Be7 6. Bxf6 gxf6 7. d4 Nc6 8. c3 Bf5 9. Qf3 Be4 10. Qh3 Qd6 11. Bd3 f5 12. Nd2 Nd8 13. Ne2 Ne6 14. Bxe4 fxe4 15. f3 Bg5 16. fxe4 Bxd2+ 17. Kxd2 dxe4 18. Kc2 O-O-O 19. Rhf1 Kb8 20. Rad1 Rhg8 21. d5 Qa6 22. Nc1 Rxd5 23. Qxh7 Rxg2+ 24. Kb1 b6 25. Qxf7 Qa3 0-1

[Event "POL Team Ch"]
[Site "Leba"]
[Date "1989.??.??"]
[Round "?"]
[White "Borkowski, Franciszek"]
[Black "Matlak, Marek"]
[Result "1-0"]
[WhiteElo "2420"]
[BlackElo "2420"]
[PlyCount "41"]
[EventDate "1989.??.??"]
[Source "www.chesslib.no"]
[SourceDate "2004.05.04"]

1. e4 e6 2. b3 d5 3. Bb2 dxe4 4. Nc3 Nf6 5. g4 Bd7 6. g5 Nd5 7. Nxe4 Bc6 8. Bg2 Nd7 9. Ne2 e5 10. d4 exd4 11. Qxd4 h6 12. c4 Ne7 13. Qe3 hxg5 14. O-O-O f6 15. Nd4 Qb8 16. Nxc6 bxc6 17. Rxd7 Kxd7 18. Nc5+ Ke8 19. Bxc6+ Kf7 20. Qe6+ Kg6 21. Be4+ 1-0

[Event "06.OIBayEM Bad Wiessee op"]
[Site "?"]
[Date "2002.10.31"]
[Round "6"]
[White "Heimrath Reiner"]
[Black "Naumann Alexander"]
[Result "0-1"]
[WhiteElo "2307"]
[BlackElo "2513"]
[PlyCount "94"]
[EventDate "2002.??.??"]
[Source "www.chesslib.no"]
[SourceDate "2004.05.04"]

1. e4 e6 2. b3 d5 3. Bb2 dxe4 4. Nc3 f5 5. f3 Bd6 6. Nh3 exf3 7. Qxf3 Nf6 8. Bc4 Nc6 9. O-O-O Ne5 10. Qe2 Qe7 11. Kb1 Bd7 12. g3 a6 13. Nf4 Nxc4 14. Qxc4 b5 15. Qe2 O-O 16. Rhe1 Qf7 17. Nd3 b4 18. Na4 Ne4 19. g4 Bxa4 20. bxa4 Rab8 21. Ka1 c5 22. Ne5 Bxe5 23. Bxe5 Rbd8 24. Rg1 g6 25. h4 Rd5 26. Bb2 Rfd8 27. h5 Rxd2 28. hxg6 Rxd1+ 29. Rxd1 Rxd1+ 30. Qxd1 hxg6 31. Be5 Qe7 32. Qh1 Qh7 33. Qd1 Qe7 34. Qh1 Nf6 35. Qa8+ Kf7 36. Qxa6 Nxg4 37. Bb2 Ne3 38. Qd3 Nd5 39. Be5 Qg5 40. Kb2 f4 41. Bd6 Qf6+ 42. Kb3 f3 43. Bxc5 f2 44. Bxf2 Qxf2 45. a5 Qc5 46. a6 Qa5 47. a4 bxa3 0-1

[Event "Villa Martelli op2"]
[Site "?"]
[Date "1999.??.??"]
[Round "8"]
[White "Perez Pietronave Carlos"]
[Black "Rodriguez Andres"]
[Result "0-1"]
[WhiteElo "2316"]
[BlackElo "2500"]
[PlyCount "60"]
[EventDate "1999.??.??"]
[Source "www.chesslib.no"]
[SourceDate "2004.05.04"]

1. e4 e6 2. b3 d5 3. Bb2 dxe4 4. Nc3 Nf6 5. g4 Bd7 6. g5 Nd5 7. Nxe4 Bc6 8. Bg2 h6 9. g6 f5 10. Ng3 Nf4 11. Bxc6+ Nxc6 12. Qf3 Nxg6 13. Qh5 Qg5 14. Nf3 Qxh5 15. Nxh5 Kf7 16. O-O Rg8 17. d4 Rd8 18. Rae1 Bb4 19. Re2 Bd6 20. Rfe1 Nf4 21. Nxf4 Bxf4 22. Kf1 Rge8 23. h4 g5 24. hxg5 hxg5 25. c3 g4 26. Nd2 e5 27. Nc4 exd4 28. Rxe8 Rxe8 29. Rxe8 Kxe8 30. cxd4 Nb4 0-1

[Event "GRE-ch"]
[Site "Athens"]
[Date "1996.??.??"]
[Round "6"]
[White "Papaioannou, Ioannis"]
[Black "Haritakis, Theodoros"]
[Result "1-0"]
[WhiteElo "2495"]
[BlackElo "2320"]
[PlyCount "105"]
[EventDate "1996.08.15"]
[Source "ChessBase"]

1. e4 e6 2. b3 d5 3. Bb2 Nf6 4. e5 Nfd7 5. Qg4 Nc6 6. f4 f5 7. Qg3 Nb6 8. Nf3 Nb4 9. Na3 Bd7 10. c3 Nc6 11. Nc2 Qe7 12. Ba3 Qf7 13. Ng5 Qg8 14. Bxf8 Qxf8 15. Nxh7 Qf7 16. Ng5 Qe7 17. Be2 O-O-O 18. d4 Rh6 19. Qe3 Rdh8 20. h3 Kb8 21. O-O Nd8 22. Ne1 Nf7 23. Nef3 Nxg5 24. Nxg5 Rc8 25. Rfd1 Rhh8 26. c4 c5 27. dxc5 Qxc5 28. Qxc5 Rxc5 29. cxd5 Rxd5 30. Bf3 Rxd1+ 31. Rxd1 Re8 32. Rc1 Re7 33. Kf2 Bc8 34. Ke3 Bd7 35. g4 Bc8 36. a4 Nd7 37. b4 Nf8 38. a5 Nd7 39. Bd1 Nf8 40. Bb3 Bd7 41. Rd1 Kc7 42. Rd6 Re8 43. Kf2 g6 44. Kg3 Bc8 45. Kf3 Bd7 46. gxf5 gxf5 47. h4 Re7 48. h5 Bc8 49. h6 Bd7 50. Ke3 Bc8 51. h7 Nxh7 52. Nxe6+ Bxe6 53. Bxe6 1-0

[Event "Tatry Open"]
[Site "Tatranske Zruby"]
[Date "2003.10.03"]
[Round "8"]
[White "Hausner, Ivan"]
[Black "Priehoda, Vitezslav"]
[Result "1-0"]
[WhiteElo "2441"]
[BlackElo "2372"]
[PlyCount "77"]
[EventDate "2003.09.27"]
[Source "Roberto Alvarez"]
[SourceDate "2003.10.13"]

1. e4 e6 2. b3 d5 3. Bb2 dxe4 4. Nc3 Nf6 5. Qe2 Bb4 6. O-O-O Qe7 7. Nxe4 Ba3 8. Nxf6+ Qxf6 9. d4 Bxb2+ 10. Kxb2 c5 11. Qf3 cxd4 12. Qxf6 gxf6 13. Rxd4 Nc6 14. Rd2 Ke7 15. g3 Bd7 16. Bg2 Rad8 17. Ne2 Bc8 18. Rhd1 Rxd2 19. Rxd2 Nd8 20. Nd4 Bd7 21. a4 a6 22. c4 e5 23. Nc2 Bc6 24. Bd5 h5 25. Ne3 Bd7 26. b4 f5 27. b5 h4 28. Kb3 hxg3 29. hxg3 axb5 30. cxb5 Be6 31. Bxe6 fxe6 32. Nc4 Nf7 33. a5 Ng5 34. Kb4 Ne4 35. Ra2 f4 36. Nxe5 Rd8 37. a6 fxg3 38. fxg3 Rd4+ 39. Ka5 1-0

[Event "Krasnodar2"]
[Site "?"]
[Date "1998.??.??"]
[Round "4"]
[White "Beshukov Sergei"]
[Black "Maiorov Oleg"]
[Result "1/2-1/2"]
[WhiteElo "2405"]
[BlackElo "2405"]
[PlyCount "148"]
[EventDate "1998.??.??"]
[Source "www.chesslib.no"]
[SourceDate "2004.05.04"]

1. e4 e6 2. b3 d5 3. Bb2 dxe4 4. Nc3 Nf6 5. g4 b6 6. Bg2 Bb7 7. g5 Nd5 8. Nxe4 Nd7 9. Nh3 Rb8 10. Qh5 Ne7 11. Nf4 e5 12. Ne6 Qc8 13. Nxf8 Nxf8 14. O-O-O Nfg6 15. Bh3 Qd8 16. Qf3 c5 17. Rhe1 O-O 18. Qg3 Qc7 19. Bg4 Nc6 20. h4 Nf4 21. h5 Nd4 22. d3 Bc8 23. h6 Bxg4 24. Qxg4 Qc8 25. Qxc8 Rbxc8 26. hxg7 Kxg7 27. Nd6 Rc6 28. Nf5+ Nxf5 29. Bxe5+ Kg6 30. Bxf4 Re6 31. Rxe6+ fxe6 32. Rh1 Re8 33. Bd2 e5 34. Re1 Nd4 35. Rh1 Nf5 36. a4 Re7 37. Re1 Nd4 38. Rh1 Nf5 39. Kb2 e4 40. dxe4 Rxe4 41. f4 a6 42. Rh3 Rd4 43. Bc1 b5 44. axb5 axb5 45. Rc3 Rd5 46. b4 c4 47. Ra3 Rd1 48. Ra6+ Rd6 49. Ra8 h6 50. gxh6 Kxh6 51. Re8 Rd5 52. Be3 Kh5 53. Bc5 Kg4 54. Rb8 Ng3 55. Rxb5 Ne4 56. Ra5 Kxf4 57. Be3+ Ke5 58. Rxd5+ Kxd5 59. b5 Nd6 60. b6 Kc6 61. Kc3 Kb7 62. Kb4 Nf7 63. Kxc4 Ne5+ 64. Kd5 Nc6 65. c4 Nb4+ 66. Kd6 Nc6 67. c5 Nb4 68. Kd7 Nc6 69. Bf4 Nb4 70. Kd6 Nc6 71. Kd5 Nb4+ 72. Kc4 Nc6 73. Bd6 Na5+ 74. Kb5 Nc6 1/2-1/2

[Event "Staunton Mem"]
[Site "London"]
[Date "2004.08.24"]
[Round "2"]
[White "Houska, Jovanka"]
[Black "Levitt, Jonathan"]
[Result "0-1"]
[WhiteElo "2375"]
[BlackElo "2432"]
[PlyCount "124"]
[EventDate "2004.08.23"]
[Source "Roberto Alvarez"]
[SourceDate "2004.09.06"]

1. e4 e6 2. b3 d5 3. Bb2 Nf6 4. e5 Nfd7 5. Qg4 c5 6. f4 Nc6 7. Nf3 g6 8. Be2 h5 9. Qg3 Bh6 10. O-O Ne7 11. Nh4 Nf8 12. d4 Qc7 13. Na3 Bd7 14. c4 Qa5 15. Rac1 cxd4 16. Rfd1 Bc6 17. Rxd4 Rd8 18. Kh1 Rg8 19. Rf1 a6 20. Nc2 dxc4 21. Rxd8+ Kxd8 22. bxc4 Nd7 23. Rd1 Kc8 24. Ba3 Re8 25. Qe3 Qb6 26. Nd4 Bf8 27. Bd6 Ba4 28. Rc1 Nc6 29. c5 Qb2 30. Nxc6 Bxc6 31. a3 Bxd6 32. cxd6 Kb8 33. Bf3 Rc8 34. h3 g5 35. fxg5 Qxe5 36. Qxe5 Nxe5 37. Bxc6 Rxc6 38. Re1 Rc5 39. Rf1 b5 40. g6 fxg6 41. Rf8+ Rc8 42. Rf6 Rd8 43. Rxe6 Nc4 44. Nxg6 Rxd6 45. Rxd6 Nxd6 46. g4 hxg4 47. h4 Nf5 48. Kg2 Kc7 49. h5 Kd6 50. Nf4 a5 51. Nd3 Kd5 52. Nf2 b4 53. axb4 axb4 54. Kf1 b3 55. Ke2 Kd4 56. Kd2 g3 57. Nh3 g2 58. Ng1 Ke5 59. Kc3 Nd4 60. Nh3 Kf6 61. h6 Kf7 62. Kb2 Kg8 0-1

[Event "14sen.WMH 2004 Senioren"]
[Site "?"]
[Date "2004.11.05"]
[Round "11"]
[White "Karasev Vladimir I"]
[Black "Bukal Vladimir"]
[Result "1/2-1/2"]
[WhiteElo "2327"]
[BlackElo "2480"]
[PlyCount "196"]
[EventDate "2004.??.??"]
[Source "www.chesslib.no"]
[SourceDate "2004.05.04"]

1. e4 e6 2. b3 d5 3. Bb2 Nf6 4. exd5 exd5 5. Qe2+ Be7 6. Bxf6 gxf6 7. d4 Nc6 8. c3 Bf5 9. Qf3 Be4 10. Qh3 Qd6 11. Nd2 Bg6 12. b4 O-O 13. Bd3 Rfe8 14. Ne2 Bf8 15. O-O Qe6 16. Qxe6 fxe6 17. Bb5 e5 18. Nb3 Re6 19. f4 Be8 20. fxe5 fxe5 21. Rae1 exd4 22. Bxc6 Bxc6 23. Nbxd4 Re4 24. Nxc6 bxc6 25. Nd4 Rxe1 26. Rxe1 c5 27. Nc6 d4 28. cxd4 cxb4 29. Re5 Bd6 30. Ra5 Re8 31. Rxa7 Re1+ 32. Kf2 Rc1 33. Ra6 Rc2+ 34. Kf3 Rc3+ 35. Kg4 Bxh2 36. Nxb4 Rc4 37. Nc6 Bg1 38. Kf5 Bxd4 39. Ke6 Bb6 40. Ne5 Re4 41. Kf5 Re2 42. g3 Kg7 43. a4 Rf2+ 44. Ke4 Re2+ 45. Kd5 h5 46. a5 Bxa5 47. Rxa5 Re3 48. Ke6 Rxg3 49. Rc5 h4 50. Kf5 h3 51. Rxc7+ Kg8 52. Ng4 Rg2 53. Nf6+ Kf8 54. Rh7 Rf2+ 55. Ke5 Re2+ 56. Ne4 h2 57. Kf5 Ke8 58. Kf4 Ra2 59. Nf6+ Kd8 60. Ng4 h1=Q 61. Rxh1 Kc7 62. Ke5 Ra5+ 63. Ke6 Ra6+ 64. Ke7 Rg6 65. Ne5 Rg7+ 66. Ke6 Rg2 67. Rc1+ Kb6 68. Nc4+ Kb5 69. Kd5 Rg5+ 70. Ne5 Rh5 71. Rb1+ Ka5 72. Kd4 Ka6 73. Nc4 Rh8 74. Rb6+ Ka7 75. Re6 Rh5 76. Ne5 Rh1 77. Kc5 Rc1+ 78. Nc4 Kb7 79. Re7+ Kc8 80. Kd5 Kd8 81. Re2 Kd7 82. Rd2 Ke7 83. Ne5 Ra1 84. Rd4 Ra5+ 85. Ke4 Ke6 86. Nc4 Rh5 87. Rd6+ Ke7 88. Ra6 Rh1 89. Ne3 Re1 90. Kd4 Kf7 91. Ng4 Rd1+ 92. Ke4 Re1+ 93. Kf4 Rf1+ 94. Kg5 Ke7 95. Ne3 Rc1 96. Kf4 Kd7 97. Ke4 Ke7 98. Ra3 Ke6 1/2-1/2

[Event "EU-ch U18"]
[Site "Chalkidiki"]
[Date "2000.10.08"]
[Round "7"]
[White "Mastrovasilis, Dimitrios"]
[Black "Potkin, Vladimir"]
[Result "1/2-1/2"]
[WhiteElo "2386"]
[BlackElo "2420"]
[PlyCount "39"]
[EventDate "2000.10.02"]
[Source "ChessBase"]
[SourceDate "2000.11.10"]

1. e4 e6 2. b3 d5 3. Bb2 Nf6 4. e5 Nfd7 5. Qg4 c5 6. f4 f5 7. Qg3 g5 8. Be2 Bh6 9. Nh3 g4 10. Nf2 Bg7 11. h3 h5 12. hxg4 hxg4 13. Rxh8+ Bxh8 14. Qh2 Bg7 15. Qh5+ Kf8 16. Nc3 a6 17. O-O-O Qe8 18. Qh7 Nc6 19. Rh1 Ne7 20. Ncd1 1/2-1/2

[Event "Philadelphia"]
[Site "Philadelphia, PA USA"]
[Date "1986.??.??"]
[Round "?"]
[White "Leow, Leslie M"]
[Black "Klein, Lawrence"]
[Result "1-0"]
[WhiteElo "2440"]
[BlackElo "2365"]
[PlyCount "73"]
[EventDate "1986.??.??"]
[Source "www.chesslib.no"]
[SourceDate "2004.05.04"]

1. e4 e6 2. b3 b6 3. Bb2 Bb7 4. Qe2 Nf6 5. Nc3 Be7 6. Nf3 O-O 7. g3 d6 8. Bg2 Nbd7 9. d4 Qc8 10. h4 c5 11. e5 Nd5 12. Ne4 dxe5 13. dxe5 c4 14. bxc4 Ba6 15. Nfd2 Nb4 16. O-O-O b5 17. c5 Nxa2+ 18. Kb1 b4 19. Qf3 Nc3+ 20. Nxc3 bxc3 21. Qxa8 Qxc5 22. Qc6 Rb8 23. Nb3 Rxb3 24. cxb3 c2+ 25. Ka2 Qa5+ 26. Qa4 Qxa4+ 27. bxa4 Bc4+ 28. Ka1 Nc5 29. Ba3 cxd1=Q+ 30. Rxd1 Kf8 31. Bc6 Nd3 32. Bxe7+ Kxe7 33. f4 Nb4 34. Rd7+ Ke8 35. Rd6+ Ke7 36. Bb5 Bxb5 37. axb5 1-0

[Event "Werfen Open"]
[Site "Werfen"]
[Date "1991.??.??"]
[Round "2"]
[White "Hamberger, Hermann"]
[Black "Dokhoian, Yury R"]
[Result "0-1"]
[WhiteElo "2260"]
[BlackElo "2545"]
[PlyCount "70"]
[EventDate "1991.08.??"]
[Source "www.chesslib.no"]
[SourceDate "2004.05.04"]

1. e4 e6 2. b3 b6 3. Bb2 Bb7 4. Nc3 c5 5. Nf3 Nc6 6. Qe2 Nge7 7. O-O-O Ng6 8. g3 Nd4 9. Nxd4 cxd4 10. Nb5 e5 11. c3 a6 12. Na3 b5 13. Nc2 dxc3 14. dxc3 Bc5 15. Kb1 Qf6 16. f3 d6 17. Ne3 Ne7 18. Bg2 O-O 19. h4 Rfd8 20. Ng4 Qe6 21. Bh3 f5 22. Ne3 Bxe3 23. Qxe3 Qf6 24. Rhe1 Qg6 25. g4 fxe4 26. h5 Qf6 27. fxe4 Qh4 28. Ba3 d5 29. Bxe7 Qxe7 30. exd5 Bxd5 31. Kb2 Qh4 32. Qxe5 Qxh3 33. h6 gxh6 34. Rd2 Bf7 35. Rh2 Qd3 0-1

[Event "Lasker Autumn GM, Bucharest ROM"]
[Site "?"]
[Date "2001.??.??"]
[Round "1"]
[White "Podinic, V."]
[Black "Vasiesiu, D."]
[Result "1/2-1/2"]
[WhiteElo "2365"]
[BlackElo "2440"]
[PlyCount "90"]
[EventDate "2001.??.??"]
[Source "www.chesslib.no"]
[SourceDate "2004.05.04"]

1. e4 e6 2. b3 d5 3. Bb2 dxe4 4. Nc3 Nf6 5. Qe2 Be7 6. Nxe4 O-O 7. Nf3 Nc6 8. g3 a5 9. a3 b6 10. Bg2 Bb7 11. O-O Nxe4 12. Qxe4 Rb8 13. Qf4 Qd6 14. Qe3 Rfd8 15. Rfd1 Qc5 16. Qxc5 Bxc5 17. d3 h6 18. Rd2 Nd4 19. Nxd4 Bxd4 20. Bxd4 Rxd4 21. Bxb7 Rxb7 22. a4 c5 23. Re2 g5 24. f3 Kg7 25. Rae1 Rbd7 26. Kf2 R7d5 27. Re5 Kf6 28. Rxd5 Rxd5 29. Re4 Ke7 30. Ke3 f5 31. Rc4 e5 32. c3 Ke6 33. g4 fxg4 34. fxg4 Rd7 35. Re4 Kd6 36. d4 exd4+ 37. cxd4 Rf7 38. dxc5+ bxc5 39. Kd3 Kd5 40. Re3 Rf4 41. Rh3 c4+ 42. bxc4+ Rxc4 43. Rxh6 Rxg4 44. Rh5 Ke6 45. h4 Rxh4 1/2-1/2

[Event "Leningrad Ch"]
[Site "Leningrad RUS"]
[Date "1991.??.??"]
[Round "?"]
[White "Karasev, Vladimir I"]
[Black "Ivanov, Sergey"]
[Result "0-1"]
[WhiteElo "2365"]
[BlackElo "2440"]
[PlyCount "44"]
[EventDate "1991.??.??"]
[Source "www.chesslib.no"]
[SourceDate "2004.05.04"]

1. e4 e6 2. b3 d5 3. Bb2 dxe4 4. Nc3 Nf6 5. Qe2 Be7 6. O-O-O Nc6 7. Nxe4 Nd4 8. Qd3 Nxe4 9. Qxe4 Bf6 10. g4 Bd7 11. Bxd4 Bc6 12. Bb5 Bxb5 13. Qxb7 O-O 14. Bc5 c6 15. c4 Qa5 16. g5 Rfb8 17. Qd7 Rd8 18. Qb7 Qxa2 19. gxf6 Bxc4 20. d4 Bxb3 21. Qxb3 Qxb3 22. Ne2 Qc4+ 0-1

[Event "Berlin GER"]
[Site "?"]
[Date "1999.??.??"]
[Round "1"]
[White "Glienke Manfred"]
[Black "Von Herman Ulf"]
[Result "1-0"]
[WhiteElo "2390"]
[BlackElo "2405"]
[PlyCount "73"]
[EventDate "1999.??.??"]
[Source "www.chesslib.no"]
[SourceDate "2004.05.04"]

1. e4 e6 2. b3 b6 3. Bb2 Bb7 4. d3 Nf6 5. Nd2 d5 6. e5 Nfd7 7. Qg4 c5 8. f4 Nc6 9. c3 a5 10. a4 h5 11. Qe2 g5 12. fxg5 Qxg5 13. Ngf3 Qf5 14. O-O-O Ndxe5 15. Nxe5 Nxe5 16. Nf3 Nxf3 17. gxf3 c4 18. Qc2 b5 19. h4 bxa4 20. bxc4 Qf4+ 21. Kb1 Bc6 22. cxd5 a3 23. Bc1 Qa4 24. Qxa4 Bxa4 25. Re1 Rb8+ 26. Ka1 Rb3 27. Bd2 Rb2 28. Bf4 Bg7 29. d4 O-O 30. Rg1 Kh8 31. Be5 f6 32. Bd6 Rd8 33. Bxa3 Rb3 34. Bb2 Rdb8 35. Rg2 exd5 36. Bd3 Be8 37. Re7 1-0

[Event "Berliner Sommer"]
[Site "Berlin GER"]
[Date "1991.??.??"]
[Round "?"]
[White "Lorenz, Sascha"]
[Black "Paehtz, Thomas sr"]
[Result "0-1"]
[WhiteElo "2340"]
[BlackElo "2455"]
[PlyCount "74"]
[EventDate "1991.07.??"]
[Source "www.chesslib.no"]
[SourceDate "2004.05.04"]

1. e4 e6 2. b3 d5 3. Bb2 dxe4 4. Nc3 Nf6 5. g4 h6 6. Bg2 Be7 7. h4 e3 8. fxe3 Nd5 9. Nf3 Bf6 10. Qe2 Nxc3 11. Bxc3 Bxc3 12. dxc3 Qd6 13. Rh3 e5 14. Rd1 Qe7 15. Qb5+ Nd7 16. Nd2 c6 17. Qe2 Nf6 18. Ne4 Nxe4 19. Bxe4 Be6 20. Rh2 Rd8 21. Rd3 Qc5 22. Rxd8+ Kxd8 23. c4 Kc7 24. Bf5 Bxf5 25. gxf5 e4 26. Qg4 Qxe3+ 27. Re2 Qc1+ 28. Kf2 Re8 29. Qg3+ Kc8 30. Kg2 Qd1 31. Qe3 a6 32. b4 Qd6 33. b5 axb5 34. cxb5 cxb5 35. Qc3+ Qc6 36. Qxg7 e3+ 37. Kh2 Qc4 0-1

[Event "Tenkes Cup op"]
[Site "?"]
[Date "1999.11.29"]
[Round "8"]
[White "Ardeleanu Alin"]
[Black "Portisch Ferenc"]
[Result "1/2-1/2"]
[WhiteElo "2409"]
[BlackElo "2385"]
[PlyCount "32"]
[EventDate "1999.??.??"]
[Source "www.chesslib.no"]
[SourceDate "2004.05.04"]

1. e4 e6 2. b3 d5 3. Bb2 dxe4 4. Nc3 Nf6 5. g4 Bd7 6. Bg2 Bc6 7. Qe2 Nd5 8. Bxe4 Nxc3 9. Bxc3 Bxe4 10. Qxe4 Qd5 11. Qxd5 exd5 12. Nf3 Nc6 13. O-O-O O-O-O 14. Ne5 Nxe5 15. Bxe5 f6 16. Bg3 Ba3+ 1/2-1/2

[Event "Malaga op 3rd"]
[Site "Malaga"]
[Date "2000.02.27"]
[Round "3"]
[White "Fernandez Romero, Ernesto"]
[Black "Gleizerov, Evgeny"]
[Result "0-1"]
[WhiteElo "2285"]
[BlackElo "2508"]
[PlyCount "90"]
[EventDate "2000.02.25"]
[Source "ChessBase"]
[SourceDate "2000.03.10"]

1. e4 e6 2. b3 d5 3. Bb2 Nf6 4. exd5 exd5 5. Qe2+ Be6 6. Nf3 Be7 7. Nd4 Bd7 8. Ba3 b6 9. Bxe7 Qxe7 10. Qxe7+ Kxe7 11. Bd3 c5 12. Nf3 Nc6 13. O-O Nb4 14. Re1+ Kd6 15. Ne5 Be6 16. Na3 a6 17. c3 Nxd3 18. Nxd3 Bf5 19. Ne5 Ra7 20. d4 cxd4 21. cxd4 Rc8 22. f3 h5 23. Re3 Nh7 24. Rae1 Nf8 25. g4 Bh7 26. Kf2 hxg4 27. fxg4 Ne6 28. Kg3 Ng5 29. Kf4 f6 30. Nd3 Bxd3 31. Rxd3 Rac7 32. Rde3 b5 33. h4 Ne4 34. h5 Ke6 35. Nb1 Rc2 36. R3e2 Kf7 37. Ke3 b4 38. Kf4 a5 39. Ke3 Ke6 40. Kf4 Rxe2 41. Rxe2 Rc1 42. Rb2 Rd1 43. Ke3 f5 44. gxf5+ Kxf5 45. a3 Rh1 0-1

[Event "ch-EGY 3rd Stage"]
[Site "Cairo"]
[Date "2003.02.02"]
[Round "8"]
[White "Hassan, Sayed Barakat"]
[Black "Labib, Ibrahim Hasan"]
[Result "1/2-1/2"]
[WhiteElo "2353"]
[BlackElo "2439"]
[PlyCount "77"]
[EventDate "2003.01.25"]
[Source "Roberto Alvarez"]
[SourceDate "2003.02.17"]

1. e4 e6 2. b3 b6 3. Bb2 Bb7 4. Qe2 c5 5. Nc3 Nc6 6. O-O-O Nd4 7. Qe1 Ne7 8. Nb5 Nec6 9. Nxd4 cxd4 10. Nf3 Bc5 11. c3 dxc3 12. dxc3 Qe7 13. Kb1 Ba3 14. Bb5 Bxb2 15. Kxb2 O-O 16. Qe3 a6 17. Bd3 b5 18. Bc2 d6 19. Qd3 Ne5 20. Qxd6 Qxd6 21. Rxd6 Ng4 22. Rd2 Rac8 23. h3 Nf6 24. Re1 Rc5 25. Re3 Rfc8 26. Nd4 Kf8 27. f3 Ke7 28. b4 R5c7 29. a4 Bc6 30. Nxc6+ Rxc6 31. axb5 axb5 32. Red3 R8c7 33. Bb3 g5 34. Rd1 Nh5 35. Rc1 Nf4 36. Rd2 h5 37. Bd1 Ra6 38. Bb3 Rac6 39. Bd1 1/2-1/2

[Event "Moscow RUS"]
[Site "?"]
[Date "2002.??.??"]
[Round "12"]
[White "Prosviriakov Vladimir"]
[Black "Zlochevskij Alexander"]
[Result "1/2-1/2"]
[WhiteElo "2347"]
[BlackElo "2445"]
[PlyCount "27"]
[EventDate "2002.??.??"]
[Source "www.chesslib.no"]
[SourceDate "2004.05.04"]

1. e4 e6 2. b3 d5 3. Bb2 Nf6 4. e5 Nfd7 5. f4 c5 6. Nf3 Be7 7. Na3 Nc6 8. Bb5 Qc7 9. O-O O-O 10. Bxc6 Qxc6 11. d4 b6 12. c3 a5 13. Nc2 Ba6 14. Rf2 1/2-1/2